Southville International School and Colleges
Your cart is empty.
  • Cart
  • Lists
    Public lists Eva Luna New books Lux_list list_1
    Your lists Log in to create your own lists
  • Log in to your account
  • Your cookies
  • Search history
Southville International School and Colleges
  • Advanced search
  • Recent comments
  • Most popular
  • Libraries

Log in to your account

Log in with GOOGLE


If you do not have an external account, but do have a local account, you can still log in:

  1. Home
  2. MARC view: College P.E. 1 :
Normal view MARC view ISBD view

College P.E. 1 : (Record no. 13872)

[ view plain ]
MARC details
000 -LEADER
fixed length control field 00550nam a22001817a 4500
003 - CONTROL NUMBER IDENTIFIER
control field OSt
005 - DATE AND TIME OF LATEST TRANSACTION
control field 20140310182507.0
008 - FIXED-LENGTH DATA ELEMENTS--GENERAL INFORMATION
fixed length control field 130220t xxu||||| |||| 00| 0 eng d
020 ## - INTERNATIONAL STANDARD BOOK NUMBER
International Standard Book Number 9789719339984
050 ## - LIBRARY OF CONGRESS CALL NUMBER
Classification number GV 341
Item number .D582 2009
100 ## - MAIN ENTRY--PERSONAL NAME
Personal name Dimapilis, Nenita J.
9 (RLIN) 8931
245 ## - TITLE STATEMENT
Title College P.E. 1 :
Statement of responsibility, etc Nenita J. Dimapilis, Lorna A. Espeso, Ma. Luisa Gadilla-Isip.
Remainder of title physical fitness and gymnastics /
260 ## - PUBLICATION, DISTRIBUTION, ETC. (IMPRINT)
Place of publication, distribution, etc Manila :
Name of publisher, distributor, etc Mindshapers,
Date of publication, distribution, etc c2009.
300 ## - PHYSICAL DESCRIPTION
Extent 172 p. :
Dimensions 23 cm.
Other physical details ill. ;
562 ## - COPY AND VERSION IDENTIFICATION NOTE
Number of copies 1
942 ## - ADDED ENTRY ELEMENTS (KOHA)
Source of classification or shelving scheme Library of Congress Classification
Koha item type
Holdings
Withdrawn status Lost status Source of classification or shelving scheme Damaged status Home library Current library Shelving location Date acquired Total Checkouts Full call number Barcode Date last seen Copy number Price effective from Koha item type
    Library of Congress Classification   South SEED-LPDH College Library South SEED-LPDH College Library South SEED-LPDH College Section 08/07/2013   GV 341 .D582 2009 SSLC0716 04/20/2017 1 08/07/2013 Books

College P.E. 1 :

APA

Dimapilis N. J., . (2009). College P.E. 1. Manila: Mindshapers.

Chicago

Dimapilis Nenita J, . 2009. College P.E. 1. Manila: Mindshapers.

Harvard

Dimapilis N. J., . (2009). College P.E. 1. Manila: Mindshapers.

MLA

Dimapilis Nenita J, . College P.E. 1. Manila: Mindshapers. 2009.

  • Place hold
  • Print
  • Cite
  • Add to your cart (remove)
  • Save record
    BIBTEX Dublin Core MARCXML MARC (non-Unicode/MARC-8) MARC (Unicode/UTF-8) MARC (Unicode/UTF-8, Standard) MODS (XML) RIS
  • More searches
    Search for this title in:
    Other Libraries (WorldCat) Other Databases (Google Scholar) Online Stores (Bookfinder.com) Open Library (openlibrary.org)

Exporting to Dublin Core...

SOUTHVILLE LIBRARY

Southville International School and Colleges Library

1281 Tropical Ave. Cor. Luxembourg St., BF Homes International, Las Pinas City

Tel. No. 8256374 / 252358 Loc. 117/146

Powered by Koha